| 000 | 01379nam a2200313 i 4500 | ||
|---|---|---|---|
| 003 | EG-ScBUE | ||
| 005 | 20240818091556.0 | ||
| 008 | 100406s2005 le f b 00010 ara d | ||
| 020 | _a995321892 | ||
| 020 | _a9789953211893 | ||
| 040 |
_aEG-ScBUE _bara _erda _cEG-ScBUE _dEG-ScBUE |
||
| 043 |
_aa-is--- _ama----- |
||
| 082 | 0 | 4 |
_bح س ن _222 _a956.94054 |
| 100 | 1 |
_913367 _aالحسن، بلال، _eمؤلف. |
|
| 245 | 1 | 0 |
_aثقافة الاستسلام : _bقراءة نقدية في كتابات كنعان مكية- حازم صاغية- صالح بشير- العفيف الأخضر- أمين المهدي / _cبلال الحسن. |
| 246 | 3 | 1 |
_aCulture of surrender : _bcritical reading |
| 250 | _aالطبعة الأولى. | ||
| 264 | 1 |
_aبيروت : _bرياض الريس للكتب والنشر، _c2005. |
|
| 300 |
_a284 صفحة ؛ _c20 سم |
||
| 336 |
_2rdacontent _aنص _btxt |
||
| 337 |
_aبدون وسيط _2rdamedia _bn |
||
| 338 |
_aمجلد _bnc _2rdacarrier |
||
| 504 | _aيشتمل على إرجاعات ببليوجرافية وكشافات. | ||
| 650 | 7 |
_913399 _aالنزاع العربي الإسرائيلي. _2BUEsh |
|
| 651 | 7 |
_2BUEsh _aإسرائيل _xعلاقات خارجية _zالدول العربية. |
|
| 651 | 7 |
_2BUEsh _aالدول العربية _xعلاقات خارجية _zإسرائيل. |
|
| 655 | _vReading book | ||
| 942 |
_2ddc _cBB |
||
| 999 |
_c13852 _d13852 |
||